KOHA-Header-6

A Brief Course on Technology Management (Record no. 1050)

000 -LEADER
fixed length control field 00403nam a2200169Ia 4500
003 - CONTROL NUMBER IDENTIFIER
control field OSt
005 - DATE AND TIME OF LATEST TRANSACTION
control field 20191003095317.0
008 - FIXED-LENGTH DATA ELEMENTS--GENERAL INFORMATION
fixed length control field 190722s9999 xx 000 0 und d
020 ## - INTERNATIONAL STANDARD BOOK NUMBER
International Standard Book Number 978-8122436884
040 ## - CATALOGING SOURCE
Transcribing agency maju
100 ## - MAIN ENTRY--PERSONAL NAME
Personal name K.Knagarajan
245 #2 - TITLE STATEMENT
Title A Brief Course on Technology Management
250 ## - EDITION STATEMENT
Edition statement 19th
260 ## - PUBLICATION, DISTRIBUTION, ETC. (IMPRINT)
Place of publication, distribution, etc New Delhi
Name of publisher, distributor, etc McGraw Hill
Date of publication, distribution, etc 2013
300 ## - PHYSICAL DESCRIPTION
Extent 916
942 ## - ADDED ENTRY ELEMENTS (KOHA)
Koha item type Books
Source of classification or shelving scheme
Holdings
Withdrawn status Lost status Source of classification or shelving scheme Damaged status Not for loan Collection code Permanent Location Current Location Shelving location Date acquired Total Checkouts Full call number Barcode Date last seen Date checked out Price effective from Koha item type
          Electrical Engineering MAJU MAJU Shelf No.A34 2019-07-22 1 330 7675 2025-07-21 2024-10-11 2019-07-22 Electrical Engineering

Powered by Koha